00562nam a2200145Ia 450000500170000000800410001710000190005824501510007726000150022830000110024365000240025494200070027899900150028595201160030020260328101514.0260328s9999||||xx |||||||||||||| ||und|| aLeonard, Annie 4aThe Story of stuff :b How our obsession with stuff is trashing the Planet, our communities, and our health and vision for Change /cAnnie Leonard bFree Press a317 p. aDISEÑO INDUSTRIAL cBK c9322d9322 001040708GENaGPCbGPCcGENd2026-03-28i3161l0o745.2 L 5521p3161r2026-03-28 15:15:14t1w2026-03-28yBK